000
00314nam a2200145Ia 4500
100
_a
Mehta/ N. V.
650
_a
General
942
_c
BK
654
_a
Income-Tax
245
_a
Income - Tax Ready Reckoner
260
_b
Shri kuber publication
_a
Bombay
_c
1994
300
_a
328
546
_a
ENGLISH
999
_c
22317
_d
22317